00226nam a2200085Ia 4500008004100000100002400041245003200065260003500097300000800132201223s9999 xx 000 0 und d aBasham, A.L. (Ed.) 2aA cultural history of India aDelhibOxford University Press a585